00343nam a2200109Ia 4500008004100000020001800041100002900059245007200088260003800160300001600198999001900214180205s9999 xx 000 0 und d a9789715846653 aCaudal, Maria Lourdes C. aBasic nutrition and diet theraphy :btext book for nursing students aQuezon CitybC&E publishingc2008 av,309 pages c354680d354680